000 00658nam a22001697a 4500
003 OSt
005 20260407151313.0
008 260407b |||||||| |||| 00| 0 eng d
040 _cMRSPTU
041 _aEnglish
100 _aArvinder Kaur, Supervisor: Dr. Kawaljit Singh Sandhu
245 _a To Study The Physiochemical, Fatty Acid Profile and Storage Stability of Groundnut Oil and its Blends with Citrullus Colocynthis Oil in Different Ratio
260 _bDepartment of Food Science & Technology, MRSPTU, Bathinda
_c2021
650 _aFood Science and Technology
856 _uhttp://163.47.215.52:8080/jspui/handle/123456789/456
942 _2ddc
_cTH
_n0
999 _c11348
_d11348